=LDR 00000nam 2200000 4500 =001 INLIS000000000050147 =005 20240213113747 =035 ##$$a 0010-041700000000337 =008 240213###########################0###### =020 ##$$a 978 - 602 - 7874 - 79 - 4 =040 ##$$a NBPDMAT =082 ##$$a 370 =090 ##$$a 370 Ari p =100 ##$$a Arif, Mukhrizal =245 1#$$a Pendidikan Posmodernisme : $b Telaah Kritis Pemikiran Tokoh Pendidikan /$c Mukhrizal Aarif =250 ##$$a Cet.3 =260 ##$$a Yogyakaarta :$b Ar-Ruz Media,$c 2016 =300 ##$$a 348 hlm. : $b ilus. ; $c 24 cm. =650 #4$$a Pendidikan =084 ##$$a 370 ARI p =990 ##$$a 31700311 =990 ##$$a 31700312